Recenzia

Recenzovaná kniha - práca viac ako dvadsiatich autorov, ktorá má za cieľ predstaviť a prediskutovať súčasné trendy v oblasti sociálnej práce. Prináša zaujímavé príspevky prezentujúce nové výzvy, vedecké výskumy a už relatívne dobre známe problémy v oblasti sociálnej práce. Autori tak robia s novým p...

Descrizione completa

Salvato in:
Dettagli Bibliografici
Autore principale: Barák, Vladimír
Natura: Capitolo di libro
Lingua:ceco
Tags: Aggiungi Tag
Nessun Tag, puoi essere il primo ad aggiungerne!!

MARC

LEADER 00000naa a2200000 4500
001 0305676
005 20241217142605.4
041 0 |a cze 
044 |a CZ 
245 1 0 |a Recenzia  |c Vladimír Barák 
520 |a Recenzovaná kniha - práca viac ako dvadsiatich autorov, ktorá má za cieľ predstaviť a prediskutovať súčasné trendy v oblasti sociálnej práce. Prináša zaujímavé príspevky prezentujúce nové výzvy, vedecké výskumy a už relatívne dobre známe problémy v oblasti sociálnej práce. Autori tak robia s novým pohľadom a netradičnými riešeniami. 
100 1 |a Barák, Vladimír